Global focus <the> EFMD business magazine

Salvato in:
Dettagli Bibliografici
Natura: Periodico
Lingua:inglese
Pubblicazione: Brussels EFMD
Soggetti:
Tags: Aggiungi Tag
Nessun Tag, puoi essere il primo ad aggiungerne!!

MARC

LEADER 00000nas1a2200000$$$4500
001 0052830
005 20240809110135.5
022 |a 1784-2344 
041 0 |a eng 
044 |a BE 
245 1 0 |a Global focus  |b <the> EFMD business magazine 
264 1 |a Brussels  |b EFMD 
610 2 0 |a manažment 
610 2 0 |a školy vysoké 
610 2 0 |a vzdelávanie